| 000 | 00867nam a2200241 a 4500 | ||
|---|---|---|---|
| 001 | 000043216 | ||
| 005 | 20201002040729.0 | ||
| 008 | 140225s2013 pr 000 p spa d | ||
| 020 | _a9780982631737 | ||
| 040 |
_aDO-SdBNP _bspa _cBNPHU |
||
| 082 |
_aPR861.44 _bS718c |
||
| 100 | 1 |
_aSotomayor, Áurea María _d1951- _925004 |
|
| 245 | 1 | 0 |
_aCuerpo nuestro / _cÁurea María Sotomayor. |
| 260 |
_aSan Juan, Puerto Rico : _bFolium, _c2013. |
||
| 300 |
_a98 p. ; _c22 cm. |
||
| 490 | 1 | _aLos animales interiores poesía | |
| 500 | _aIncluye datos biográficos de la autora en la solapa de la cubierta | ||
| 590 | _aLa biblioteca posee un ejemplar autografíado por la autora. | ||
| 650 | 4 |
_aPoesía puertorriqueña _91015 |
|
| 650 | 4 |
_aLiteratura puertorriqueña _9250 |
|
| 830 | 0 |
_aLos animales interiores poesía _970809 |
|
| 910 | _aValidado. Control de calidad MFF | ||
| 999 |
_c42705 _d42705 |
||